000 00442nam a2200145Ia 4500
003 OSt
005 20260227141228.0
008 211028s2019 xx 000 0 und d
040 _cAIMIT LIBRARY
041 _aeng
100 _aFernandes, Varun Melroy; Rose, Swapna.
_g1716213
_98186
245 _aStudy on cash receivables management system at Manipal Technologies Limited /
260 _aMangalore
_bLestan D'Souza
_c2019
942 _2ddc
_cPRO
999 _c219754
_d219754